100 Asiatische Städte nach Hinweis - Statistiken

Allgemein
  • Dieses Quiz wurde 37 mal gespielt
  • Das Durchschnittsergebnis liegt bei 46 aus 100
Antwortstatistiken
Hinweis Stadt % Korrekt
3 In dieser Stadt befindet sich die Kaaba, Pilgerziel von Millionen Muslimen Mekka
100%
1 Diese Stadt ist die größte Stadt der Welt und hieß früher Edo Tokio
100%
9 In dieser Stadt befindet sich der Burj Khalifa, höchster Wolkenkratzer der Welt Dubai
87%
2 In dieser Stadt an der Jangtsemündung befindet sich der größte Containerhafen der Welt Shanghai
83%
10 Diese Stadt am Jangtse wurde der Welt durch den Ausbruch von Covid-19 weltbekannt Wuhan
83%
23 Diese Inselstadt war bis 1997 britische Kolonie, bevor sie an China übergeben wurde Hong Kong
80%
25 Diese Stadt ist mit dem Felsendom, der Klagemauer und der Grabeskirche ein wichtiges religiöses Zentrum Jerusalem
80%
21 Diese Stadt ist das Zentrum der indischen Filmindustrie Mumbai
80%
22 Ehemalige Hauptstadt Japans mit bekannten Shinto-Schreinen Kyoto
77%
4 Diese nordsyrische Millionenstadt existiert schon seit der Bronzezeit Aleppo
73%
26 Diese Stadt in Zentralanatolien ist die flächenmäßig größte Hauptstadt der Welt Ankara
73%
14 1998 als Planstadt zur Hauptstadt geworden, hieß diese zentralasiatische Stadt zwischen 2019 und 2022 Nur-Sultan zu Ehren eines Diktators Astana
73%
35 In dieser Stadt befindet sich die Verbotene Stadt und das Mao-Mausoleum Beijing
73%
50 Hier fand 1945 der erste kriegerische Einsatz einer Atombombe statt Hiroshima
70%
18 Hauptstadt in der Mitte der Arabischen Halbinsel, bei der der Wahhabismus entstand Riad
70%
16 An der Ägäisküste gelegen hieß diese Türkische Stadt früher Smyrna Izmir
67%
67 In dieser israelischen Stadt soll Jesus aufgewachsen sein Nazareth
67%
20 Diese kaukasische Hauptstadt befindet sich am Fuß des Bergs Ararat Jerewan
63%
33 Nach dieser Stadt in Japan ist ein besonders teures Rindfleisch benannt Kobe
63%
65 Diese Inselstadt ist in einen türkischen Norden und griechischen Süden geteilt Nikosia
63%
100 Insel-Stadtstaat, welcher früher Teil von Malaysia war Singapur
63%
57 Diese Stadt ist durch das Taj Mahal bekannt Agra
60%
62 In dieser Stadt am Kaspischen Meer fand 2012 der Eurovision Song Contest und seit 2016 ein jährliches Formel 1 Rennen statt Baku
60%
70 Diese ehemals als Saigon bekannte Stadt wurde nach dem Anführer der Viet Minh benannt Ho Chi Minh Stadt
60%
37 Diese Stadt am Mekong löste Angkor als Hauptstadt der Khmer ab Phnom Penh
60%
45 In dieser Stadt befindet sich der Stadtteil Gangnam, bekannt durch einen Viralen Musikhit Seoul
60%
39 In dieser Stadt am Persischen Golf stehen die Etihad Towers, eine Formel-1-Strecke und bald eine Zweigstelle des Guggenheimer-Museums Abu Dhabi
57%
71 Diese Stadt in Südostasien heißt für Einheimische Krung Thep und ist eine der meistbesuchtesten Städte der Welt Bangkok
57%
7 Nach dieser Südostasiatischen Hauptstadt ist ein Logikspiel benannt, bei der verschiedengroße Scheiben von einer Stange auf eine andere Stange übertragen werden müssen Hanoi
57%
90 In dieser Stadt befinden sich die Petronas-Towers, Zwillingstürme, welche einst das größte Hochhaus der Welt waren Kuala Lumpur
57%
64 Der Name dieser an der russischen Pazifikküste gelegenen Stadt bedeutet "Beherrsche den Osten" Wladiwostok
57%
95 In dieser palästinensischen Stadt soll laut Lukas-Evangelium Jesus geboren sein Bethlehem
53%
46 Diese Zentralasiatische Hauptstadt hieß früher Stalinbad und heute "Montag" auf Tadschikisch Duschanbe
53%
44 Das Vorgehen der israelischen Armee seit 2023 in dieser Stadt hat international zu massiver Kritik und dem Vorwurf des Völkermords geführt Gaza
53%
54 Diese Millionenstadt mit großen Hindu- und Buddistischen Tempeln wird von Bergsteigern als Tor in den Himalaya genutzt Kathmandu
53%
31 In dieser Tibetischen Stadt befindet sich der früher durch die Dalai Lamas benutzte Potala-Palast Lhasa
53%
49 Mit der Übersiedlung von Prophet Mohammed in diese Stadt beginnt die islamische Zeitrechnung Medina
53%
56 1909 von jüdischen Siedlern gegründete Hafenstadt, die mittlerweile auch die antike Stadt Jaffa umfasst Tel Aviv
53%
42 Diese Kaukasus-Hauptstadt wurde von König Vakhtang von Iberien gegründet Tiflis
53%
89 Diese Stadt an der türkischen Riviera wurde von einem König von Pergamon gegründet und ist beliebt bei Badetouristen Antalya
50%
75 In dieser Stadt wurden die meisten Spiele der Fußball-WM 2022 ausgetragen Doha
50%
69 Mutter Theresa wirkte in dieser Bengalischen Metropole Kolkata
50%
6 Übersetzt heißt diese Stadt "Roter Held" und beherbergt den Winterpalast des Bogd Khan Ulanbataar
50%
66 Diese Stadt am Tigris wurde von den Abbasiden gegründet und Hauptstadt des Kalifats Bagdad
47%
38 Alte Phönizierstadt, welche bis in die 70er als Paris des Orients bekannt war Beirut
47%
34 In dieser Koreanischen Küstenstadt befindet sich das größte Kaufhaus der Welt Busan
47%
5 Hauptstadt von Tamil Nadu, die früher Madras hieß Chennai
47%
80 Diese Stadt am Perlflussdelta war lange Zeit eine portugiesische Kolonie Macau
47%
99 Hauptstadt der japanischen Insel Hokkaido und Austragungsort der Olympischen Winterspiele 1972 Sapporo
47%
63 In dieser kasachischen Millionenstadt wurde die Sowjetunion aufgelöst und die Gemeinschaft Unabhängiger Staaten gegründet Almaty
43%
8 Sitz eines Sultanats am Arabischen Meer, welches zeitweise Sansibar kontrollierte Maskat
43%
30 Zentralasiatische Hauptstadt mit Neutralitätsbogen, auf dem ein exzentrischer Exdiktator abgebildet ist Asgabat
40%
53 In dieser Stadt stürzte 2013 die Rana-Plaza-Textilfabrik zusammen, wodurch über 1000 Menschen starben Dhaka
40%
17 Hauptstadt der iranischen Safawiden-Dynastie mit Shah-Moschee und Naqsch-e Dschahan Isfahan
40%
29 Der Sturz des Königs 1973 in dieser Stadt führte zu einer Sowjetischen und Nato-Invasion und einem 50 jährigen Krieg Kabul
40%
24 Bei dieser Hauptstadt fand 1975 ein berühmter Boxkampf zwischen Muhammed Ali und Joe Frazier statt Manila
40%
73 Diese sich im Ballungsgebiet der Hauptstadt befindliche Metropole ist zweitgrößte Stadt Japans und Schauplatz des Fußball-WM-Finals 2002 Yokohama
40%
68 Nach dieser Stadt ist der Golf zwischen Arabien und Somaliland benannt Aden
37%
36 Hafenstadt in Südasien, in der sich auch ein World Trade Center befindet und als de-Facto Hauptstadt eines Inselstaates fungiert Colombo
37%
13 Diese Stadt in Sibirien ist die drittgrößte Stadt Russlands Nowosibirsk
37%
85 Ehemals portugiesische Kolonialstadt auf einer zu Thailand gehörenden Insel, welche bei Touristen weltweit bekannt ist Phuket
37%
59 In dieser Ostasiatischen Stadt befindet sich das Stadion Erster Mai, mit 114.000 Plätzen größtes Fußball und Leichtathletikstadion der Welt Pjöngjang
37%
74 Diese Nahost-Hauptstadt wurde von Vertriebenen aus Tscherkessien und später von Vertriebenen aus Palästina besiedelt Amman
33%
88 Irakische Hafenstadt an der Mündung von Euphrat und Tigris, in der der märchenhafte Seefahrer Sindbad sich auf seine Reisen machte Basra
33%
79 Diese Hafenstadt am Roten Meer wird von muslimischen Pilgern als Pforte für die heiligen Städte genutzt Dschidda
33%
77 Diese Stadt am Perlflussdelta war früher als Kanton bekannt Guangzhou
33%
11 Erst in den 60ern gegründet, steht in dieser Hauptstadt die größte geschlossene Moschee der Welt Islamabad
33%
92 Diese Stadt am persischen Golf war das Hauptziel einer irakischen Invasion 1991, die zum zweiten Golfkrieg führte Kuwait-Stadt
33%
60 Nach dieser Stadt ist die Meeresenge zwischen Malaysia und Sumatra benannt Malakka
33%
19 Nach dieser Hafenstadt in Jemen ist eine bekannte Kaffee-Zubereitungsart benannt Mokka
33%
40 Früher befand sich in dieser Nordirakischen Stadt die Assyrer-Hauptstadt Niniveh Mossul
33%
27 In dieser Millionenstadt am Fuße des Elburs-Gebirge befindet sich der Golestan-Palast mit dem Pfauenthron Teheran
33%
52 Ehemalige Hauptstadt Chinas in der sich die Terrakotta-Armee befindet Xian
33%
28 Megacity in Sindh am Indischen Ozean mit Mausoleum für Muhammed Ali Jinnah Karatschi
30%
76 Diese am Golf von Bengalen gelegene Stadt ist für seine goldenen Pagoden bekannt Rangun
30%
12 In dieser usbekischen Seidenstraßenstadt befindet sich die Grabstädte von Timur dem Lahmen Samarkand
30%
82 Hauptstadt in Arabien, welche von einem König von Saba gegründet worden sein soll Sanaa
30%
61 In und bei dieser Stadt sind viele wichtige Technologieunternehmen wie Foxconn, TSMC oder Asus angesiedelt Taipeh
30%
58 Hafen-Megacity in Nordchina, in der der Hai He mündet, über den die Stadt mit der Hauptstadt verbunden ist Tianjin
30%
55 Nach dieser in Kilikien gelegenen Stadt ist ein Hackfleisch-Kebab-Spieß benannt Adana
27%
98 Diese Hauptstadt der chinesischen Provinz Sichuan gilt als Panda-Hauptstadt der Welt Chengdu
27%
86 Sehr weitläufige (82.000 km²) Stadt am Jangtsekiang mit Drei-Schluchten-Damm Chongqing
27%
84 Hauptort auf Bali mit Flughafen für Touristen Denpasar
27%
93 Nach dieser Stadt in Sibirien ist ein Gebiet im Brettspiel Risiko benannt Irkutsk
27%
72 Hauptstadt Punjabs in der die Resolution zur Gründung Pakistans verabschiedet wurde Lahore
27%
51 Stadt im Jangtse-Delta, welche zur Zeit der Ming-Dynastie und der Chinesischen Republik als Hauptstadt diente Nanjing
27%
43 Der Fußballverein dieser anatolischen Schwarzmeerstadt konnte 2022 seine siebte türkische Meisterschaft feiern Trabzon
27%
94 Haupt- und größte Stadt der chinesischen Provinz Xinjiang, die von Uiguren auch als Ost-Turkestan bezeichnet wird Ürümqi
27%
32 Die Mogulherrscher machten diese Stadt zu einer ihrer Hauptstädte und erbauten das Rote Fort Delhi
23%
83 Stadt am Irrawady, welche die letzte Hauptstadt Birmas vor seiner Kolonisierung war Mandalay
23%
41 Iranische Stadt in Fars, welche für ihre Gärten und die Gräber der Dichter Hafiz und Saadi beliebt bei Touristen ist Schiraz
23%
97 Größte Stadt des indischen Bundesstaates Gujarat, in der Gandhi seinen Salzmarsch antrat Ahmedabad
20%
78 Mit dem Goldenen Tempel ist diese Stadt in Punjab religiöses Zentrum der Sikhs Amritsar
20%
47 Diese Stadt in Nordwest-Iran war die Hauptstadt des mongolischen Ilkhanats Täbris
20%
48 Diese schon seit der Bronzezeit bestehende Stadt war die Hauptstadt des Ayyubiden-Kalifats Damaskus
17%
96 Mit dem Imam-Husain-Schrein ist diese irakische Euphrat-Stadt ein wichtiger Pilgerort für Schiiten Kerbela
17%
87 Zweitgrößte Stadt Sibiriens am Jennisei, Geburtsstadt von Helene Fischer Krasnojarsk
17%
91 Hauptstadt des bevölkerungsreichsten indischen Bundesstaats Uttar Pradesh, welcher einer der Hauptherde des Sepoy-Aufstands von 1857 war Lucknow
17%
15 Diese alte Phönizierstadt wurde durch Alexander den Großen von einer Insel zu einer Halbinsel Tyros
17%
81 Heilige Stadt für viele Hindus, welche für ein Bad im Ganges dort hinpilgern Varanasi
17%
Keine übereinstimmenden Quizze gefunden
Verteilung der Resultate
Anzahl Personen mit jedem Resultat
Perzentil nach korrekt beantworteten Fragen
Ihre Resultats-Entwicklung
Sie haben dieses Quiz noch nicht gespielt